Palestina vive / (Record no. 162931)

MARC details
000 -LEADER
campo de control de longitud fija 00966nam a2200277 i 4500
001 - NÚMERO DE CONTROL
campo de control 162931
003 - IDENTIFICADOR DE NÚMERO DE CONTROL
campo de control ES-MaACL
005 - FECHA Y HORA DE LA ÚLTIMA TRANSACCIÓN
campo de control 20231107122719.0
008 - DATOS DE LONGITUD FIJA--INFORMACIÓN GENERAL
campo de control de longitud fija 140908s2013 sp |||| | spa d
020 ## - NÚMERO INTERNACIONAL ESTÁNDAR DEL LIBRO
Número Internacional Estándar del Libro 978-84-941292-4-7
040 ## - FUENTE DE CATALOGACIÓN
Centro catalogador/agencia de origen EUS
Lengua de catalogación spa
Centro/agencia transcriptor EUS
080 ## - NÚMERO DE LA CLASIFICACIÓN DECIMAL UNIVERSAL
Número de la Clasificación Decimal Universal 327.5(569.4)
080 ## - NÚMERO DE LA CLASIFICACIÓN DECIMAL UNIVERSAL
Número de la Clasificación Decimal Universal 343.4(569.4)
245 00 - MENCIÓN DEL TÍTULO
Título Palestina vive /
Mención de responsabilidad, etc. Naji Al-Ali, Vittorio Arrigoni, Aicha Auda ... [et al.] ; presentación de Luz Gómez García.
260 ## - PUBLICACIÓN, DISTRIBUCIÓN, ETC.
Lugar de publicación, distribución, etc. [Guadarrama, Madrid] :
Nombre del editor, distribuidor, etc. [Ediciones del Oriente y del Mediterráneo],
Fecha de publicación, distribución, etc. imp. 2013.
300 ## - DESCRIPCIÓN FÍSICA
Extensión 155 p. ;
Dimensiones 16 cm.
490 1# - MENCIÓN DE SERIE
Mención de serie Contrabandos ;
Designación de volumen o secuencia 1
650 04 - PUNTO DE ACCESO ADICIONAL DE MATERIA--TÉRMINO DE MATERIA
Término de materia o nombre geográfico como elemento de entrada Conflicto árabe-israelí.
9 (RLIN) 11266
650 #4 - PUNTO DE ACCESO ADICIONAL DE MATERIA--TÉRMINO DE MATERIA
Término de materia o nombre geográfico como elemento de entrada Derechos humanos-
Subdivisión geográfica Palestina.
9 (RLIN) 155421
700 1# - ENTRADA AGREGADA--NOMBRE PERSONAL
Nombre de persona Al-Ali, Naji.
9 (RLIN) 155422
700 1# - ENTRADA AGREGADA--NOMBRE PERSONAL
Nombre de persona Gómez García, Luz.
9 (RLIN) 155423
830 0# - PUNTO DE ACCESO ADICIONAL DE SERIE-TÍTULO UNIFORME
Título uniforme Contrabandos ;
Designación de volumen o secuencia 1
9 (RLIN) 222234
852 ## - LOCALIZACIÓN
Ubicación ES-MaACL
Número de control de estantería A-13228
itemnumber 169077
Sublocalización o colección R.150019
Ubicación en estantería Depósito 1
Signatura antigua Olim: N-6228
942 ## - ELEMENTOS DE ENTRADA SECUNDARIOS (KOHA)
Fuente del sistema de clasificación o colocación Clasificación decimal universal
Tipo de ítem Koha Libro impreso
Holdings
Estatus retirado Estado de pérdida Fuente del sistema de clasificación o colocación Estado de daño No para préstamo Biblioteca de origen Biblioteca actual Ubicación en estantería Fecha de adquisición Fuente de adquisición Total de préstamos Signatura topográfica completa Código de barras Visto por última vez Precio de reemplazo Tipo de ítem Koha
    Clasificación decimal universal     Biblioteca del Ateneo de Madrid Biblioteca del Ateneo de Madrid Depósito 1 17/01/2008 Donación   A-13228 1170711 23/02/2023 23/02/2023 Libro impreso